000 00301nam a22001337a 4500
008 181214b xxu||||| |||| 00| 0 eng d
020 _a9780759676565
041 _aeng
080 _a616.31
100 _a5
101 _aSTO
245 _aComplete To Dental Health
_cFriedman.W
942 _2udc
_cBK
999 _c53130
_d53130